Acción para la historia
Guardado en:
| Autor principal: | |
|---|---|
| Formato: | Texto |
| Publicado: |
San José:
Imprenta Nacional
|
| Etiquetas: |
Agregar Etiqueta
Sin Etiquetas, Sea el primero en etiquetar este registro!
|
MARC
| LEADER | 00000 a a2200000 04500 | ||
|---|---|---|---|
| 001 | 23868 | ||
| 003 | |||
| 040 | |a CRAI/IIS |c CRAI/IIS | ||
| 090 | |a 164400 | ||
| 100 | |a Carazo Odio, Rodrigo | ||
| 245 | |a Acción para la historia | ||
| 260 | |a San José: |b Imprenta Nacional | ||
| 300 | |a 165 p.; 2 copias | ||
| 999 | |c 17459 |d 17459 | ||
